Ngọn đèn không tắt Giải nhất cuộc vận động sáng tác văn học tuổi 20
Gespeichert in:
| 1. Verfasser: | |
|---|---|
| Format: | Buch |
| Veröffentlicht: |
Tp. Hồ Chí Minh
Trẻ
2004
|
| Ausgabe: | Tái bản lần thứ I |
| Schlagworte: | |
| Tags: |
Tag hinzufügen
Keine Tags, Fügen Sie den ersten Tag hinzu!
|
| Thư viện lưu trữ: | Trung tâm Học liệu Lê Vũ Hùng, Trường Đại học Đồng Tháp |
|---|
| LEADER | 00949pam a22003138a 4500 | ||
|---|---|---|---|
| 001 | 00034530 | ||
| 005 | 20171026081025.0 | ||
| 008 | 161005s2004 ||||||Viesd | ||
| 020 | # | # | |c 8400 |
| 041 | 0 | # | |a Vie |
| 082 | 1 | 4 | |a 895.922 34 |b NG429Đ |
| 100 | 1 | # | |a Nguyễn, Ngọc Tư |
| 245 | 1 | 0 | |a Ngọn đèn không tắt |c Nguyễn Ngọc Tư |b Giải nhất cuộc vận động sáng tác văn học tuổi 20 |
| 250 | # | # | |a Tái bản lần thứ I |
| 260 | # | # | |a Tp. Hồ Chí Minh |b Trẻ |c 2004 |
| 300 | # | # | |a 85tr. |c 19 cm. |
| 653 | # | # | |a Truyện Ngắn |
| 653 | # | # | |a Tác Phẩm |
| 653 | # | # | |a Văn học Việt Nam |
| 653 | # | # | |a Văn học hiện đại |
| 852 | # | # | |b Kho đọc |j KD.0017646 |
| 852 | # | # | |j KD.0017646 |
| 910 | |d 05/10/2016 | ||
| 980 | # | # | |a Trung tâm Học liệu Lê Vũ Hùng, Trường Đại học Đồng Tháp |